000 00292nam a2200121 a 4500
005 20140414093831.0
008 970110s19uu xx 00 eng d
050 _aVHS SD
_bR 44
245 _aSIS AVP :
_b(With Local College).
260 _cMarch 7, 20002.
942 _cAVM
999 _c108689
_d108689